000 00654nam a2200241Ia 4500
003 OSt
005 20220928102057.0
006 a|||||r|||| 00| 0
007 ta
008 220927b |||||||| |||| 00| 0 eng d
024 _a65667
037 _cTextual
040 _aSDCL
_cSDCL
_beng
041 _2eng
_aeng
082 _aX:9582:(Z2), P5
100 _aPadmavathi K
_9396433
245 0 _aP F Provisions
_bAt a glance.
260 _aIndore
_bXcess Informatics &Services
_c2005
300 _a140p.
_ccm.
650 _aLaw Provident Fund
_9396434
942 _hX:9582:(Z2), P5
_cTEXL
_2CC
999 _c712165
_d712165